00556 a2200145 450000500170000002000180001708200120003510000190004724500910006626000390015730000570019694200130025399900150026695201290028120250628151054.0 a0-13-101034-4 a657 REI aREIMERS, J. L. aFinancial Accounting: A Business Process Approach with Intergrated Debits and Credits, aNew Jersey,bPrentice Hall,c2003. axxvii, 507p,: ill.; figurebGlossary & Indexc28.2cm 2ddccBKS c6079d6079 r2025-06-28 15:12:12l0o657 REIpDOM000493v150000.00w2025-06-28yBKS102ddc407000a004b004cGENd2005-02-20g50000.00